Language Quiz

Random Language Quiz
Score 0/18 Timer 05:00
0 Plays Today
Hint Answer % Correct
My name isMi chiamo
96.1%
Hi and ByeCiao
96.1%
Thank yougrazie
94.1%
bad male
88.2%
HelloSalve
86.3%
wellbene
84.3%
How are you?come stai?
82.4%
and you?e tu?
76.5%
You're welcomeprego
72.5%
Hint Answer % Correct
Very well, greatbenissimo
72.5%
good evening (2 words)buona sera
72.5%
good morning buongiorno
72.5%
good night (2 words)buona notte
66.7%
See you tomorrowa domani
66.7%
nice to meet you piacere
62.7%
So -so (use accents)cosí- cosí
58.8%
what is your name?Come ti chiami?
58.8%
see you latera dopo
51%
Remove Ads.
Support Sporcle.
Get the best of Sporcle when you Go Orange. This ad-free experience offers more features, more stats, and more fun while also helping to support Sporcle. Thank you for becoming a member.

You're not logged in!

Compare scores with friends on all Sporcle quizzes.
OR
Log In

Show Comments

Extras

Created Sep 13, 2017ReportNominate

Top Quizzes Today


Score Distribution

Your Account Isn't Verified!

In order to create a playlist on Sporcle, you need to verify the email address you used during registration. Go to your Sporcle Settings to finish the process.

Report this User

Report this user for behavior that violates our Community Guidelines.

Details: